[Event "American Cup Blitz"]
[Site "Saint Louis"]
[Date "2023.03.26"]
[Round "4"]
[White "Moradiabadi, Elshan"]
[Black "Dominguez Perez, Leinier"]
[Result "1/2-1/2"]
[WhiteElo "2507"]
[BlackElo "2743"]
[PlyCount "151"]
[EventDate "2023.03.26"]
[EventType "swiss (blitz)"]
[EventRounds "9"]
[EventCountry "USA"]
[SourceTitle "CBM 213 Extra"]
[Source "ChessBase"]
[SourceDate "2023.05.31"]
[SourceVersion "1"]
[SourceVersionDate "2023.05.31"]
[SourceQuality "1"]

1. d4 d5 2. Nf3 c6 3. Bf4 Bf5 4. e3 e6 5. Bd3 Nf6 6. 0-0 Nbd7 7. c4 Bxd3 8. Qxd3 Be7 9. Nc3 0-0 10. cxd5 exd5 11. Rab1 a5 12. h3 Re8 13. Rfc1 Nb6 14. Nd2 Bd6 15. Bg5 h6 16. Bxf6 Qxf6 17. Rf1 Qe6 18. Rbe1 Rad8 19. a3 Nc4 20. Nxc4 dxc4 21. Qc2 b5 22. Rd1 a4 23. Rfe1 Bc7 24. e4 Bb6 25. d5 Qf6 26. dxc6 Qxc6 27. Nd5 Bc5 28. Qc3 Rd6 29. Qf3 Rde6 30. Re2 Re5 31. Nc3 f5 32. Rd5 fxe4 33. Rxe4 Rxe4 34. Nxe4 Bb6 35. Rd6 Bxf2+ 36. Kxf2 Qxe4 37. Qxe4 Rxe4 38. Rd5 c3 39. Rxb5 Rc4 40. bxc3 Rxc3 41. Rb8+ Kh7 42. Ra8 Rxa3 43. Ra7 h5 44. h4 Kg6 45. Ra5 Ra2+ 46. Kf3 Ra1 47. Rg5+ Kh6 48. Ra5 a3 49. Ra6+ Kh7 50. Ra5 g6 51. Ra7+ Kg8 52. Kf4 Rg1 53. Rxa3 Rxg2 54. Ke5 Rg4 55. Kf6 Kh7 56. Rh3 Kh6 57. Rh1 Rf4+ 58. Ke5 Ra4 59. Kf6 Re4 60. Rh2 Rf4+ 61. Ke5 Rf5+ 62. Ke4 Kg7 63. Rd2 Rf1 64. Rh2 Kf6 65. Ke3 Kf5 66. Rg2 Rh1 67. Rf2+ Ke6 68. Rf4 Ke5 69. Re4+ Kf6 70. Kf3 Rg1 71. Rf4+ Ke5 72. Re4+ Kd5 73. Ra4 Ke5 74. Re4+ Kf6 75. Rf4+ Kg7 76. Ra4 1/2-1/2

[Event "Saint Louis Super Swiss"]
[Site "Saint Louis"]
[Date "2023.03.16"]
[Round "9"]
[White "Moradiabadi, Elshan"]
[Black "Swiercz, Dariusz"]
[Result "1/2-1/2"]
[WhiteElo "2507"]
[BlackElo "2646"]
[PlyCount "77"]
[EventDate "2023.03.12"]
[EventType "swiss"]
[EventRounds "9"]
[EventCountry "USA"]
[SourceTitle "CBM 213 Extra"]
[Source "ChessBase"]
[SourceDate "2023.05.31"]
[SourceVersion "1"]
[SourceVersionDate "2023.05.31"]
[SourceQuality "1"]

1. e4 c6 2. d4 d5 3. e5 Bf5 4. Nf3 e6 5. Be2 Ne7 6. 0-0 c5 7. c4 Nbc6 8. dxc5 d4 9. Qb3 Qd7 10. Na3 Ng6 11. Nb5 Bxc5 12. Rd1 f6 13. exf6 gxf6 14. Qa4 e5 15. a3 0-0 16. b4 Be7 17. Bh6 Rfd8 18. c5 Be6 19. Qc2 a6 20. Nc3 Bf8 21. Ne4 Qe7 22. Bd2 Qf7 23. Bd3 Kh8 24. Rf1 Be7 25. Ng3 Bb3 26. Qb1 Bd5 27. Be4 Bxe4 28. Qxe4 Qd5 29. Qf5 Rg8 30. Rfe1 Rad8 31. a4 Qd7 32. Rac1 Qxf5 33. Nxf5 Rd5 34. h4 h5 35. Re4 Bf8 36. Ng3 Be7 37. Nf5 Bf8 38. Ng3 Be7 39. Nf5 1/2-1/2

[Event "Saint Louis Super Swiss"]
[Site "Saint Louis"]
[Date "2023.03.12"]
[Round "2"]
[White "Hakobyan, Aram"]
[Black "Moradiabadi, Elshan"]
[Result "1/2-1/2"]
[WhiteElo "2620"]
[BlackElo "2507"]
[PlyCount "69"]
[EventDate "2023.03.12"]
[EventType "swiss"]
[EventRounds "9"]
[EventCountry "USA"]
[SourceTitle "CBM 213 Extra"]
[Source "ChessBase"]
[SourceDate "2023.05.31"]
[SourceVersion "1"]
[SourceVersionDate "2023.05.31"]
[SourceQuality "1"]

1. e4 e5 2. Nf3 Nc6 3. Bc4 Nf6 4. d3 Bc5 5. 0-0 d6 6. c3 a6 7. a4 h6 8. Nbd2 Ba7 9. Re1 0-0 10. h3 Be6 11. Bxe6 fxe6 12. Nf1 Ne7 13. Ng3 Ng6 14. d4 Qe7 15. Be3 Nd7 16. a5 Rf7 17. Nh2 Kh7 18. b4 c6 19. Ra2 Raf8 20. Ng4 exd4 21. cxd4 Nf6 22. Nxf6+ Rxf6 23. e5 R6f7 24. exd6 Qxd6 25. Qb1 Qd5 26. Rae2 Bb8 27. Bd2 Bxg3 28. fxg3 Qxd4+ 29. Be3 Qd5 30. g4 Qc4 31. Rd2 e5 32. Bc5 Re8 33. Rc1 Qb5 34. Bf2 Rf4 35. Bc5 1/2-1/2

[Event "PRO League Prelim"]
[Site "Chess.com INT"]
[Date "2023.03.02"]
[Round "3.4"]
[White "Iturrizaga Bonelli, Eduardo"]
[Black "Moradiabadi, Elshan"]
[Result "1-0"]
[WhiteElo "2636"]
[BlackElo "2507"]
[PlyCount "101"]
[EventDate "2023.02.14"]
[EventType "team-swiss (rapid)"]
[EventRounds "5"]
[EventCountry "USA"]
[SourceTitle "CBM 213 Extra"]
[Source "ChessBase"]
[SourceDate "2023.05.31"]
[SourceVersion "1"]
[SourceVersionDate "2023.05.31"]
[SourceQuality "1"]
[WhiteTeam "Spanish Maniac Shrimps"]
[BlackTeam "Charlotte Cobras"]
[WhiteTeamCountry "ESP"]
[BlackTeamCountry "USA"]

1. c4 Nf6 2. g3 e6 3. Bg2 d5 4. d4 dxc4 5. Nf3 a6 6. Ne5 Bb4+ 7. Nc3 Nd5 8. 0-0 Bxc3 9. bxc3 Nxc3 10. Qc2 Nb5 11. e3 Nd6 12. Ba3 0-0 13. Nxc4 Re8 14. Na5 c6 15. Bb4 Nf5 16. Rab1 Nd7 17. Rfd1 Nf6 18. Nc4 a5 19. Bc5 Nd7 20. a4 Qf6 21. Ba3 h5 22. h4 Qg6 23. e4 Nh6 24. Nd6 Rd8 25. Nxb7 Bxb7 26. Rxb7 Nf6 27. Qxc6 Qg4 28. Rd2 e5 29. Bd6 Rac8 30. Rc7 Rxc7 31. Bxc7 Rxd4 32. f3 Qxg3 33. Rxd4 Qe1+ 34. Bf1 exd4 35. Qa8+ Kh7 36. Qxa5 Qxh4 37. Qd2 Ne8 38. Be5 f6 39. Bxd4 Qg3+ 40. Bg2 Nf7 41. Bf2 Qe5 42. a5 Ned6 43. Qd5 Qa1+ 44. Bf1 Qa3 45. Qxh5+ Kg8 46. a6 Ng5 47. Kg2 Qa2 48. a7 Ne6 49. Qd5 Qxd5 50. exd5 Nc7 51. Bg3 1-0

[Event "PRO League Prelim"]
[Site "Chess.com INT"]
[Date "2023.03.02"]
[Round "3.3"]
[White "Moradiabadi, Elshan"]
[Black "Francisco Guecamburu, Candela Be"]
[Result "1-0"]
[WhiteElo "2507"]
[BlackElo "2279"]
[PlyCount "73"]
[EventDate "2023.02.14"]
[EventType "team-swiss (rapid)"]
[EventRounds "5"]
[EventCountry "USA"]
[SourceTitle "CBM 213 Extra"]
[Source "ChessBase"]
[SourceDate "2023.05.31"]
[SourceVersion "1"]
[SourceVersionDate "2023.05.31"]
[SourceQuality "1"]
[WhiteTeam "Charlotte Cobras"]
[BlackTeam "Spanish Maniac Shrimps"]
[WhiteTeamCountry "USA"]
[BlackTeamCountry "ESP"]

1. e4 c5 2. Nf3 g6 3. d4 cxd4 4. Nxd4 Bg7 5. c4 Nc6 6. Be3 Nf6 7. Nc3 d6 8. h3 0-0 9. Be2 Nxd4 10. Bxd4 Bd7 11. 0-0 Bc6 12. Qc2 a5 13. Rfd1 a4 14. Rac1 Qa5 15. Nd5 Bxd5 16. cxd5 Nd7 17. Bxg7 Kxg7 18. Qc7 Nc5 19. Qxe7 Qb6 20. Bf3 Rfe8 21. Qh4 Qxb2 22. Qf4 Rac8 23. Rb1 Qf6 24. Qxf6+ Kxf6 25. Rb6 Ke5 26. g3 g5 27. Bg4 Rc7 28. Bf5 h5 29. Rf1 g4 30. hxg4 hxg4 31. Bxg4 Nxe4 32. Rb4 Nf6 33. Rf4 Rg8 34. Re1+ Kxd5 35. Bf3+ Kc5 36. Rxf6 d5 37. Rc1+ 1-0

[Event "PRO League Prelim"]
[Site "Chess.com INT"]
[Date "2023.03.02"]
[Round "3.2"]
[White "Santos Latasa, Jaime"]
[Black "Moradiabadi, Elshan"]
[Result "1-0"]
[WhiteElo "2657"]
[BlackElo "2507"]
[PlyCount "69"]
[EventDate "2023.02.14"]
[EventType "team-swiss (rapid)"]
[EventRounds "5"]
[EventCountry "USA"]
[SourceTitle "CBM 213 Extra"]
[Source "ChessBase"]
[SourceDate "2023.05.31"]
[SourceVersion "1"]
[SourceVersionDate "2023.05.31"]
[SourceQuality "1"]
[WhiteTeam "Spanish Maniac Shrimps"]
[BlackTeam "Charlotte Cobras"]
[WhiteTeamCountry "ESP"]
[BlackTeamCountry "USA"]

1. e4 e5 2. Nf3 Nc6 3. Nc3 Nf6 4. h3 Bb4 5. a3 Bxc3 6. dxc3 d6 7. Bd3 h6 8. Qe2 Ne7 9. Be3 a6 10. 0-0-0 Ng6 11. Nd2 Qe7 12. g3 b5 13. c4 c6 14. f4 Rb8 15. c5 dxc5 16. Qf2 c4 17. Bc5 Qc7 18. Be2 Nd7 19. Bh5 Nxc5 20. Qxc5 Ne7 21. Nf3 exf4 22. Ne5 g6 23. Bg4 Qb6 24. Qd6 c5 25. Bd7+ Kf8 26. Bc6 b4 27. Nxg6+ Kg7 28. Nxe7 bxa3 29. Qe5+ f6 30. Nf5+ Kg6 31. Nh4+ Kf7 32. Bd5+ Kf8 33. Ng6+ Kg7 34. Qe7+ Kxg6 35. Qf7+ 1-0

[Event "USA-ch"]
[Site "Saint Louis"]
[Date "2022.10.19"]
[Round "13"]
[White "Moradiabadi, Elshan"]
[Black "Lenderman, Aleksandr"]
[Result "0-1"]
[WhiteElo "2534"]
[BlackElo "2535"]
[PlyCount "142"]
[EventDate "2022.10.05"]
[EventType "tourn"]
[EventRounds "13"]
[EventCountry "USA"]
[EventCategory "17"]
[SourceTitle "CBM 210 Extra"]
[Source "ChessBase"]
[SourceDate "2022.11.30"]
[SourceVersion "1"]
[SourceVersionDate "2022.11.30"]
[SourceQuality "1"]

1. e4 e5 2. Nf3 Nf6 3. Nc3 Nc6 4. Bb5 Bd6 5. a3 h6 6. d3 a6 7. Bc4 Bc5 8. Be3 Bxe3 9. fxe3 d6 10. 0-0 0-0 11. Qe1 Be6 12. Nh4 Kh7 13. Rd1 g6 14. Rd2 Nb8 15. Bxe6 fxe6 16. d4 Nbd7 17. Nf3 Qe7 18. h3 exd4 19. exd4 e5 20. d5 Rf7 21. g3 Raf8 22. Rdf2 Nc5 23. Qe3 Qd7 24. Kg2 Na4 25. Nd1 Nc5 26. Nc3 Na4 27. Nd1 Nc5 28. Nd2 a5 29. b4 axb4 30. axb4 Na4 31. c4 c5 32. dxc6 Qxc6 33. Qb3 Nb6 34. Qd3 Kg7 35. Ne3 Nbd7 36. Nd1 Qb6 37. Qc3 Qd4 38. Qc2 Nb8 39. Nc3 Nc6 40. Nb5 Qb6 41. Qd3 Rd7 42. Qc3 Nd8 43. Rf3 Ne6 44. Qe3 Qd8 45. R3f2 Ng5 46. Qe2 Qe7 47. h4 Ne6 48. Nc3 Nd4 49. Qd3 Qe6 50. Nf3 Nc6 51. Nd5 Rdf7 52. b5 Nb8 53. Nd2 Nbd7 54. Nxf6 Nxf6 55. Rf3 Ra8 56. R1f2 Rff8 57. Nf1 h5 58. Ne3 Nd7 59. Rxf8 Rxf8 60. Rxf8 Kxf8 61. Nd5 Nc5 62. Qf3+ Kg7 63. Kf2 Nd7 64. Qe3 Qg4 65. Qf3 Qh3 66. Nc7 Nf6 67. Ke3 Qc8 68. b6 Qd7 69. Kd3 Qa4 70. Ne6+ Kf7 71. Ng5+ Ke7 0-1

[Event "USA-ch"]
[Site "Saint Louis"]
[Date "2022.10.11"]
[Round "6"]
[White "Moradiabadi, Elshan"]
[Black "Caruana, Fabiano"]
[Result "0-1"]
[WhiteElo "2534"]
[BlackElo "2763"]
[PlyCount "88"]
[EventDate "2022.10.05"]
[EventType "tourn"]
[EventRounds "13"]
[EventCountry "USA"]
[EventCategory "17"]
[SourceTitle "CBM 210 Extra"]
[Source "ChessBase"]
[SourceDate "2022.11.30"]
[SourceVersion "1"]
[SourceVersionDate "2022.11.30"]
[SourceQuality "1"]

1. e4 c5 2. Nf3 e6 3. d4 cxd4 4. Nxd4 Nc6 5. Nc3 a6 6. Bf4 d6 7. Bg3 Be7 8. Be2 Bd7 9. Nb3 e5 10. Bg4 Bxg4 11. Qxg4 h5 12. Qh3 h4 13. f3 Bg5 14. 0-0 Rh6 15. Bf2 Nf6 16. Rad1 Qc7 17. Nc1 Kf8 18. a3 Na5 19. Nd3 Nc4 20. Nb4 Qc8 21. Qxc8+ Rxc8 22. Na4 a5 23. Na2 Ne3 24. N2c3 Nxd1 25. Rxd1 Rc6 26. Kf1 Bf4 27. h3 Kg8 28. Bb6 Rg6 29. Bxa5 Be3 30. Rd3 Bd4 31. Bd8 b5 32. Bxf6 gxf6 33. Nd5 Rxc2 34. Ne7+ Kh7 35. Nxg6 Kxg6 36. Nc3 Rf2+ 37. Ke1 Rxb2 38. Nd5 Bc5 39. f4 Rxg2 40. Ne7+ Kh5 41. fxe5 fxe5 42. Rf3 Rg3 43. Rf5+ Kh6 44. Rf6+ Kg7 0-1

[Event "USA-ch"]
[Site "Saint Louis"]
[Date "2022.10.09"]
[Round "5"]
[White "Shankland, Samuel L"]
[Black "Moradiabadi, Elshan"]
[Result "1-0"]
[WhiteElo "2712"]
[BlackElo "2534"]
[PlyCount "117"]
[EventDate "2022.10.05"]
[EventType "tourn"]
[EventRounds "13"]
[EventCountry "USA"]
[EventCategory "17"]
[SourceTitle "CBM 210 Extra"]
[Source "ChessBase"]
[SourceDate "2022.11.30"]
[SourceVersion "1"]
[SourceVersionDate "2022.11.30"]
[SourceQuality "1"]

1. e4 c5 2. Nf3 a6 3. g3 Nc6 4. Bg2 g6 5. 0-0 Bg7 6. Re1 e5 7. Nc3 Nge7 8. a3 d6 9. Rb1 0-0 10. b4 b5 11. d3 cxb4 12. axb4 Bg4 13. Nd5 Nxd5 14. exd5 Nd4 15. c3 Nxf3+ 16. Bxf3 Bxf3 17. Qxf3 a5 18. Ba3 axb4 19. Bxb4 f5 20. Ra1 Qd7 21. Rxa8 Rxa8 22. Qe3 Bf8 23. f4 Re8 24. Kf2 e4 25. Qd4 Bg7 26. Qe3 Qb7 27. dxe4 fxe4 28. Rd1 Qa6 29. Kg2 Qa2+ 30. Rd2 Qc4 31. Qe2 Qxe2+ 32. Rxe2 Rc8 33. Re3 Rc4 34. Kf1 Bf6 35. g4 g5 36. f5 Be5 37. Re2 e3 38. Rxe3 Bxh2 39. Kg2 Bf4 40. Re7 Be5 41. Rxe5 Rxg4+ 42. Kf3 Rxb4 43. cxb4 dxe5 44. d6 Kf7 45. Ke4 g4 46. Kd5 g3 47. d7 g2 48. d8Q g1Q 49. Qc7+ Kg8 50. Ke6 h6 51. Qf7+ Kh8 52. Qe8+ Kh7 53. Qd7+ Kh8 54. f6 e4 55. f7 Qg4+ 56. Ke7 Qg5+ 57. Ke8 Qg6 58. Qd4+ Kh7 59. Ke7 1-0